[Event "Andalucia-ch U14"]
[Site "Huelva"]
[Date "2014.04.25"]
[Round "2.3"]
[White "Boza Perez, Luis"]
[Black "Munoz Pelaez, Manuel"]
[Result "0-1"]
[WhiteElo "1530"]
[BlackElo "1876"]
[PlyCount "80"]
[EventDate "2014.04.25"]
[EventType "swiss"]
[EventRounds "9"]
[EventCountry "ESP"]
[SourceTitle "EXT 2024"]
[Source "ChessBase"]
[SourceDate "2023.10.10"]
[SourceVersion "1"]
[SourceVersionDate "2023.10.10"]
[SourceQuality "1"]

1. Nf3 d5 2. g3 Nf6 3. Bg2 c6 4. 0-0 Bg4 5. h3 Bh5 6. d3 Nbd7 7. Bf4 Bg6 8. g4 e6 9. c4 Be7 10. Kh2 Nb6 11. cxd5 Nfxd5 12. Bg3 h5 13. gxh5 Bxh5 14. Nbd2 Bd6 15. Ne4 Bxg3+ 16. Nxg3 Nf4 17. Nxh5 Rxh5 18. e3 Nxg2 19. Kxg2 Qf6 20. d4 0-0-0 21. Kh2 Rdh8 22. Ng1 Qf5 23. Qf3 Qh7 24. Qg4 g5 25. f3 Nd5 26. Rae1 f5 27. Qg3 Nxe3 28. Rxe3 f4 29. Qg4 fxe3 30. Qxe6+ Kb8 31. Re1 Qc2+ 32. Kh1 Qd2 33. Qe5+ Ka8 34. Rxe3 a6 35. Re2 Qd1 36. Kg2 Rd8 37. f4 Qxd4 38. fxg5 Qh4 39. Qe4 Rxg5+ 40. Kh2 Qg3+ 0-1